| 000 | 00527nam a22002171a 4500 | ||
|---|---|---|---|
| 001 | 1567 | ||
| 003 | OSt | ||
| 005 | 20260204211738.0 | ||
| 008 | 040119s1994||||mx ||||||b||||||||||spa|| | ||
| 020 | _a9701000889 | ||
| 050 | _a658.5 C76a | ||
| 082 | _a658.5 C76a | ||
| 100 | _aChroeder, Roger | ||
| 245 | _aAdministración de operaciones / Roger Chroeder | ||
| 250 | _a3 | ||
| 264 | _aMéxico : McGraw-Hill | ||
| 300 | _a855 p | ||
| 500 | _aIncluye indice | ||
| 650 | _a1.Administracion - OperacionesÌ | ||
| 942 |
_2ddc _cBK |
||
| 999 |
_c1567 _d1567 |
||